Suicide Risk #12 /

Now awake, aware, and pissed off about what's been done to him, the supervillain known as Requiem is looking for answers. There are huge gaps in his memories-he doesn't know how he comes to be in this world he doesn't know, in this life that isn't his. But the mass murderer known...

Full description

Bibliographic Details
Corporate Author: Library Pass, LLC
Other Authors: Carey, Mike (writer.)
Format: eBook
Language:English
Published: [United States] : BOOM! Studios, 2014.
Subjects:
Online Access:Connect to this electronic book (First time users create your free account)

MARC

Tag First Indicator Second Indicator Subfields
LEADER 00000nmm a22000001a 4500
001 in00004626913
006 m|||||o||m||||||||
007 cr|cn |||uuuuu
008 221118s2014 xxu||||eo|||| ||||||eng d
005 20221207221510.4
035 |a (TxWaIVM)IV46801BOSu 
040 |a TxWaIVM  |c TxWaIVM 
245 0 0 |a Suicide Risk #12 /  |c powered by Library Pass. 
260 3 |a [United States] :  |b BOOM! Studios,  |c 2014. 
300 |a 1 online resource. 
336 |a text  |b txt  |2 rdacontent 
337 |a computer  |b c  |2 rdamedia 
338 |a online resource  |b cr  |2 rdacarrier 
520 |a Now awake, aware, and pissed off about what's been done to him, the supervillain known as Requiem is looking for answers. There are huge gaps in his memories-he doesn't know how he comes to be in this world he doesn't know, in this life that isn't his. But the mass murderer known as Requiem does know one thing: He wants answers, and there's no one he won't hurt or kill to get them. Not even Leo Winters' family. 
521 |a 4 
538 |a Requires a valid library card and registration for new users. 
538 |a Mode of access: World Wide Web. 
538 |a System requirements: Flash 10.1 or higher, Windows XP and higher, Internet Explorer 7 and higher, Firefox 3.6 and higher, Google Chrome; Max OS 10.5 and higher, Safari 4 and higher. 
650 0 |a Comic books, strips, etc. 
655 7 |a Electronic books.  |2 local 
655 7 |a Comic books, strips, etc.  |2 gsafd 
650 0 |a Horror comic books, strips, etc. 
655 7 |a Horror comic books, strips, etc.  |2 gsafd 
650 0 |a Comic books, strips, etc. --Superheroes 
655 7 |a Comic books, strips, etc. --Superheroes  |2 gsafd 
700 1 |a Carey, Mike.  |e writer. 
700 1 |a Casagrande , Elena.  |e artist. 
700 1 |a Hans, Stephanie.  |e artist. 
710 2 |a Library Pass, LLC. 
856 4 0 |u http://proxy.library.tamu.edu/login?url=https://tamu.librarypass.com/product/com.iversecomics.boom.studios.suicide.risk.twelve.english.05202014  |z Connect to this electronic book (First time users create your free account)  |t 0 
955 |a Comics Plus. 
999 f f |s 6124ee47-0a4c-4723-8706-09944d50138d  |i 4971bfc0-708e-4c4e-bce8-734f49ca20b1  |t 0 
952 f f |a Texas A&M University  |b College Station  |c Electronic Resources  |d Available Online  |t 0  |h Library of Congress classification 
998 f f |t 0  |l Available Online